000 00608nam a2200181Ia 4500
008 090630s9999 xx 000 0 und d
082 _b21292
100 _aचौगुले डी. ए.
245 _aमी आन्ना लाला.
_cचौगुले डी. ए.
260 _bसत्यजय - भांडुप.
_c1999
300 _a110
600 _aचौगुले डी. ए.
630 _aमी आन्ना लाला.
655 _aचरित्र.
700 _aचौगुले डी. ए.
730 _aमी आन्ना लाला.
942 _cBOOK
999 _c273148
_d273148